The Simpsons Villains - Statistics

General Stats
  • This quiz has been taken 52 times
  • The average score is 10 of 20
Answer Stats
Picture Answer % Correct
Mr. Burns
93%
Sideshow Bob
93%
Fat Tony
76%
Snake Jailbird
76%
Jimbo Jones
65%
Kang & Kodos
61%
Artie Ziff
57%
Frank Grimes
52%
Kearney Zzyzwicz
52%
Dolph Starbeam
50%
Lionel Hutz
46%
Hank Scorpio
43%
Jessica Lovejoy
41%
Cecil Terwilliger
37%
Herman Hermann
30%
Russ Cargill
28%
Lyle Lanley
22%
Babysitter Bandit
15%
Molloy
11%
Kostas Becker
7%
No matching quizzes found
Score Distribution
Percent of People with Each Score
Percentile by Number Answered
Your Score History
You have not taken this quiz